Kanye songs that are clean - Sudden Death - Statistics

General Stats
  • This quiz has been taken 256 times
  • The average score is 4 of 15
Answers on the Grid
Answers color-coded by a green-red scale on the quiz's grid according to % correct below.
Come to life
Cudi Montage
Family Business
BURN
Reborn
Ghost Town
Saint Pablo
Ultralight Beam
New Day
Selah
Off the Grid
Bound 2
I wonder
Heartless
Good Night
Good Morning
Runaway
Wolves
Streetlights
Hurricane
I’m in it
Yikes
See you in my nightmares
Jesus Walks
Jesus Lord
Jesus Is Lord
Heaven and Hell
24
Stronger
Frank’s Track
 
Answer Stats
Answer % Correct
Jesus Is Lord
45%
Heartless
44%
Jesus Lord
42%
Selah
38%
Off the Grid
37%
Heaven and Hell
34%
24
33%
Come to life
33%
Hurricane
33%
Streetlights
26%
Frank’s Track
25%
Ghost Town
23%
Reborn
14%
Cudi Montage
12%
Good Night
8%
No matching quizzes found
Score Distribution
Percent of People with Each Score
Percentile by Number Answered
Your Score History
You have not taken this quiz